Conta in numeri romani - 30 secondi sprint - Statistics

Statistiche generali
  • Questo quiz è stato fatto 494 volte
  • Il punteggio medio è 20 su 50
Statistiche sulle risposte
# % Corretto
I
100%
II
100%
III
99%
IV
97%
V
97%
VI
96%
VII
96%
VIII
95%
IX
91%
X
91%
XI
91%
XII
91%
XIII
90%
XIV
81%
XV
80%
XVI
77%
XVII
74%
XVIII
68%
XIX
58%
XX
56%
XXI
50%
XXII
44%
XXIII
37%
XXIV
26%
XXV
21%
XXVI
17%
XXVII
13%
XXVIII
9%
XXIX
6%
XXX
4%
XXXI
3%
XXXII
3%
XXXIII
2%
XXXIV
1%
XXXV
1%
XXXVI
1%
XXXVII
1%
L
0%
XL
0%
XLI
0%
XLII
0%
XLIII
0%
XLIV
0%
XLIX
0%
XLV
0%
XLVI
0%
XLVII
0%
XLVIII
0%
XXXIX
0%
XXXVIII
0%
Nessun quiz corrispondente trovato
Distribuzione punteggi
Percentuale di utenti per punteggio
Percentile per numero di risposta
I tuoi punteggi nel tempo
Non hai fatto questo quiz